Improving energy demand analysis (Record no. 28330)
[ view plain ]
| 000 -LEADER | |
|---|---|
| fixed length control field | 01370nam a2200301Ia 4500 |
| 082 04 - DEWEY DECIMAL CLASSIFICATION NUMBER | |
| Classification number | 333.79/13/0973 |
| 245 00 - TITLE STATEMENT | |
| Title | Improving energy demand analysis |
| 260 ## - PUBLICATION, DISTRIBUTION, ETC. (IMPRINT) | |
| Place of publication | Washington, D.C. : |
| Name of publisher | National Academy Press, |
| Year of publication | 1984. |
| 300 ## - PHYSICAL DESCRIPTION | |
| Number of Pages | x, 122 p. : |
| Other physical details | ill. |
| 650 #0 - SUBJECT ADDED ENTRY--TOPICAL TERM | |
| Topical Term | Energy consumption |
| Topical Term | Consumers |
| 700 1# - ADDED ENTRY--PERSONAL NAME | |
| Personal name | Stern, Paul C., |
| 856 40 - ELECTRONIC LOCATION AND ACCESS | |
| Uniform Resource Identifier | http://site.ebrary.com/lib/rucke/Doc?id=10068377 |
No items available.
